| 000 | 00761nam a22002057a 4500 | ||
|---|---|---|---|
| 999 |
_c12026 _d12026 |
||
| 003 | AR-CdUCM | ||
| 008 | 190405b ||||| |||| 00| 0 spa d | ||
| 040 |
_aMUNICIPALIDAD PROVINCIAL DEL CUSCO _cBIBLIOTECA MUNICIPAL DEL CUSCO |
||
| 082 |
_a985 / _bM33 |
||
| 100 |
_aMariategui, Jose Carlos _91417 |
||
| 245 | _aLa escena contemporánea / | ||
| 260 |
_aLima : _bEdit. Minerva, |
||
| 300 |
_a285 paginas ; _c18 cm. |
||
| 505 | _aContenido :Biología del fascismo --La crisis de la democracia --Hechos e ideas de la revolución rusa --La crisis del socialismo --La revolución y la inteligencia ... | ||
| 650 |
_aMovimientos sociales _91450 |
||
| 650 |
_aLuchas sociales _99086 |
||
| 650 |
_aSiglo XX _98 |
||
| 942 |
_2ddc _cLIBROS |
||
| 945 |
_arjall _d2019-04-05 |
||